Statistiken für Videospiel Synonyme

Klicken Sie hier um das Quiz zu spielen!

Allgemein

  • Dieses Quiz wurde 447 mal gespielt
  • Das Durchschnittsergebnis liegt bei 3 aus 16

Antwortstatistiken

SynonymTitel% Korrekt
Das Schlusslicht von unsThe Last of Us
85%
Der DruideThe Witcher
49%
Bund der IkonenLeague of Legends
43%
Sportler anonymer KriegsschauplatzPlayerUnknown's Battlegrounds
38%
Wildwechsel: Erneute KarteAnimal Crossing: New Leaf
19%
Ausgezeichnete Beute SchlittenGrand Theft Auto
19%
Fuchsig dahingeschiedene GenugtuungRed Dead Redemption
19%
Das Rätsel von PrimatenoasenThe Secret of Monkey Island
19%
Benötigen pro Schwung: Öfters erforschenNeed for Speed: Most Wanted
15%
Umland kein SchattenHorizon Zero Dawn
8%
Nachbar InfernalResident Evil
7%
Standorte: ReichweiteCity: Skylines
3%
Aufgerundet hausenHalf-Life
3%
Einflussbereich ZärtlichkeitKingdom Hearts
3%
Todgeweihter ScheinDyling Light
2%
Titan Tritt ausgedehnt: Das Geister LeidenMetal Gear Solid 5: The Phantom Pain
1%

Verteilung der Resultate

Perzentil nach korrekt beantworteten Fragen

Anzahl Personen mit jedem Resultat

Ihre Resultats-Entwicklung

Sie haben dieses Quiz noch nicht gespielt